Culture Générale - Série 453 - Statistiques

Statistiques générales
  • Ce quiz a été pris 197 fois
  • Le résultat moyen est 5 sur 10
Statistiques - réponses
Question Réponse % Correct
Dans quel pays peut‐on visiter plus de soixante tombeaux dans la Vallée des Rois ? Egypte
88%
Quel mot norvégien désigne une ancienne vallée glaciaire envahie par la mer ? Fjord
78%
Dans quel Etat américain trouve‐t‐on la région viticole de la Napa Valley ? Californie
75%
Comment est la vallée dans laquelle s'égare "L'Aventurier", selon les paroles de la chanson du groupe d'Indochine ? Infernale
70%
Dans quelle série de bande dessinée trouve‐t‐on des caricatures représentant Pierre Tchernia ? Astérix
48%
Dans quelle série Véronique Jannot est‐elle assistante sociale, en 1981? Pause café
45%
Quelle émission consacrée au cirque Pierre Tchernia a‐t‐il créée avec Gilles Margaritis ? La piste aux étoiles
43%
Quelle rivière coule dans la vallée enjambée par le viaduc de Millau ? Tarn
38%
Quel John réalise le film "Qu'elle était verte ma vallée" avec Maureen O'Hara, sorti en France en 1946 ? John Ford
26%
Dans quelle vallée la grotte de Lascaux se situe‐t‐elle ? Vézère
6%
Aucun quiz correspondant
Distribution des résultats
% des personnes avec chaque résultat
Percentile par nombre de réponses
Votre historique - résultats
Vous n’avez pas pris ce quiz